Transactions of the institution of civil engineers of Ireland (Record no. 544818)
[ view plain ]
| 000 -LEADER | |
|---|---|
| fixed length control field | 00429nam a22001337a 4500 |
| 082 ## - DEWEY DECIMAL CLASSIFICATION NUMBER | |
| Classification number | 620.0091415 |
| Author Mark | INS |
| -- | L-38, P-75 |
| 100 ## - MAIN ENTRY--PERSONAL NAME | |
| Personal name | Alex Thomas & Co. |
| 9 (RLIN) | 40555 |
| 245 ## - TITLE STATEMENT | |
| Title | Transactions of the institution of civil engineers of Ireland |
| Statement of responsibility, etc. | Alex Thomas & Co. |
| 260 ## - PUBLICATION, DISTRIBUTION, ETC. | |
| Place of publication, distribution, etc. | Dublin. |
| Name of publisher, distributor, etc. | Alex Thomas & Co. Ltd Dublin |
| Date of publication, distribution, etc. | 1960 |
| 300 ## - PHYSICAL DESCRIPTION | |
| Extent | 202.p: |
| Other physical details | Vol:86 |
| 526 ## - STUDY PROGRAM INFORMATION NOTE | |
| Program name | 0 |
| Interest level | 0 |
| Reading level | 0 |
| Title point value | 620_009141500000000_INS |
| 650 ## - SUBJECT ADDED ENTRY--TOPICAL TERM | |
| Topical term or geographic name entry element | MCE |
| 9 (RLIN) | 379 |
| 942 ## - ADDED ENTRY ELEMENTS (KOHA) | |
| Source of classification or shelving scheme | |
| Koha item type | Book |
| Withdrawn status | Lost status | Source of classification or shelving scheme | Damaged status | Not for loan | Permanent Location | Current Location | Date acquired | Total Checkouts | Full call number | Barcode | Date last seen | Price effective from | Koha item type |
|---|---|---|---|---|---|---|---|---|---|---|---|---|---|
| Military College of Engineering (MCE) | Military College of Engineering (MCE) | 05/12/2014 | 620.0091415 INS | MCE-29676 | 05/12/2014 | 05/12/2014 | Book |
